<?xml version="1.0" encoding="UTF-8"?>
<record
    xmlns:xsi="http://www.w3.org/2001/XMLSchema-instance"
    xsi:schemaLocation="http://www.loc.gov/MARC21/slim http://www.loc.gov/standards/marcxml/schema/MARC21slim.xsd"
    xmlns="http://www.loc.gov/MARC21/slim">

  <leader>01539nam a22002897a 4500</leader>
  <controlfield tag="003">NALT</controlfield>
  <controlfield tag="005">20210819130422.0</controlfield>
  <controlfield tag="008">      s2544    th                  tha d</controlfield>
  <datafield tag="020" ind1=" " ind2=" ">
    <subfield code="a">9740406734</subfield>
  </datafield>
  <datafield tag="040" ind1=" " ind2=" ">
    <subfield code="a">NALT</subfield>
  </datafield>
  <datafield tag="041" ind1=" " ind2=" ">
    <subfield code="a">tha</subfield>
  </datafield>
  <datafield tag="090" ind1=" " ind2=" ">
    <subfield code="a">&#xE27; KU151 &#xE01;136&#xE17; 2544</subfield>
  </datafield>
  <datafield tag="100" ind1="0" ind2=" ">
    <subfield code="a">&#xE01;&#xE21;&#xE25;&#xE17;&#xE34;&#xE1E;&#xE22;&#xE4C; &#xE04;&#xE15;&#xE34;&#xE01;&#xE32;&#xE23;</subfield>
  </datafield>
  <datafield tag="245" ind1="1" ind2="0">
    <subfield code="a">&#xE17;&#xE34;&#xE28;&#xE17;&#xE32;&#xE07;&#xE01;&#xE32;&#xE23;&#xE1E;&#xE31;&#xE12;&#xE19;&#xE32;&#xE23;&#xE30;&#xE1A;&#xE1A;&#xE07;&#xE32;&#xE19;&#xE22;&#xE38;&#xE15;&#xE34;&#xE18;&#xE23;&#xE23;&#xE21;&#xE01;&#xE31;&#xE1A;&#xE01;&#xE32;&#xE23;&#xE1B;&#xE49;&#xE2D;&#xE07;&#xE01;&#xE31;&#xE19;&#xE41;&#xE01;&#xE49;&#xE44;&#xE02;&#xE1B;&#xE31;&#xE0D;&#xE2B;&#xE32;&#xE2D;&#xE32;&#xE0A;&#xE0D;&#xE32;&#xE01;&#xE23;&#xE23;&#xE21; (&#xE40;&#xE2D;&#xE01;&#xE2A;&#xE32;&#xE23;&#xE40;&#xE1C;&#xE22;&#xE41;&#xE1E;&#xE23;&#xE48;&#xE01;&#xE32;&#xE23;&#xE27;&#xE34;&#xE08;&#xE31;&#xE22;) /</subfield>
    <subfield code="c">&#xE01;&#xE21;&#xE25;&#xE17;&#xE34;&#xE1E;&#xE22;&#xE4C; &#xE04;&#xE15;&#xE34;&#xE01;&#xE32;&#xE23;</subfield>
  </datafield>
  <datafield tag="260" ind1="3" ind2=" ">
    <subfield code="a">&#xE21;.&#xE1B;.&#xE17;. : </subfield>
    <subfield code="b">&#xE21;&#xE2B;&#xE32;&#xE27;&#xE34;&#xE17;&#xE22;&#xE32;&#xE25;&#xE31;&#xE22;&#xE21;&#xE2B;&#xE34;&#xE14;&#xE25;, </subfield>
    <subfield code="c">2544</subfield>
  </datafield>
  <datafield tag="300" ind1=" " ind2=" ">
    <subfield code="a">110 &#xE2B;&#xE19;&#xE49;&#xE32; :</subfield>
    <subfield code="b"> &#xE20;&#xE32;&#xE1E;&#xE1B;&#xE23;&#xE30;&#xE01;&#xE2D;&#xE1A; ;</subfield>
    <subfield code="c"> 29 &#xE0B;&#xE21;.</subfield>
  </datafield>
  <datafield tag="650" ind1="0" ind2="4">
    <subfield code="a">&#xE01;&#xE23;&#xE30;&#xE1A;&#xE27;&#xE19;&#xE01;&#xE32;&#xE23;&#xE22;&#xE38;&#xE15;&#xE34;&#xE18;&#xE23;&#xE23;&#xE21; -- &#xE44;&#xE17;&#xE22; -- &#xE27;&#xE34;&#xE08;&#xE31;&#xE22;</subfield>
  </datafield>
  <datafield tag="650" ind1="0" ind2="4">
    <subfield code="a">&#xE15;&#xE33;&#xE23;&#xE27;&#xE08; -- &#xE01;&#xE32;&#xE23;&#xE1E;&#xE31;&#xE12;&#xE19;&#xE32;&#xE23;&#xE30;&#xE1A;&#xE1A;&#xE07;&#xE32;&#xE19;</subfield>
  </datafield>
  <datafield tag="650" ind1="0" ind2="4">
    <subfield code="a">&#xE17;&#xE19;&#xE32;&#xE22;&#xE04;&#xE27;&#xE32;&#xE21; -- &#xE01;&#xE32;&#xE23;&#xE1E;&#xE31;&#xE12;&#xE19;&#xE32;&#xE23;&#xE30;&#xE1A;&#xE1A;&#xE07;&#xE32;&#xE19;</subfield>
  </datafield>
  <datafield tag="650" ind1="0" ind2="4">
    <subfield code="a">&#xE1E;&#xE19;&#xE31;&#xE01;&#xE07;&#xE32;&#xE19;&#xE04;&#xE38;&#xE21;&#xE1B;&#xE23;&#xE30;&#xE1E;&#xE24;&#xE15;&#xE34; -- &#xE01;&#xE32;&#xE23;&#xE1E;&#xE31;&#xE12;&#xE19;&#xE32;&#xE23;&#xE30;&#xE1A;&#xE1A;&#xE07;&#xE32;&#xE19;</subfield>
  </datafield>
  <datafield tag="650" ind1="0" ind2="4">
    <subfield code="a">&#xE23;&#xE32;&#xE0A;&#xE17;&#xE31;&#xE13;&#xE11;&#xE4C; -- &#xE01;&#xE32;&#xE23;&#xE1E;&#xE31;&#xE12;&#xE19;&#xE32;&#xE23;&#xE30;&#xE1A;&#xE1A;&#xE07;&#xE32;&#xE19;</subfield>
  </datafield>
  <datafield tag="650" ind1="0" ind2="4">
    <subfield code="a">&#xE28;&#xE32;&#xE25;&#xE22;&#xE38;&#xE15;&#xE34;&#xE18;&#xE23;&#xE23;&#xE21; -- &#xE01;&#xE32;&#xE23;&#xE1E;&#xE31;&#xE12;&#xE19;&#xE32;&#xE23;&#xE30;&#xE1A;&#xE1A;&#xE07;&#xE32;&#xE19;</subfield>
  </datafield>
  <datafield tag="650" ind1="0" ind2="4">
    <subfield code="a">&#xE2D;&#xE31;&#xE22;&#xE01;&#xE32;&#xE23; -- &#xE01;&#xE32;&#xE23;&#xE1E;&#xE31;&#xE12;&#xE19;&#xE32;&#xE23;&#xE30;&#xE1A;&#xE1A;&#xE07;&#xE32;&#xE19;</subfield>
  </datafield>
  <datafield tag="850" ind1=" " ind2=" ">
    <subfield code="a">NALT</subfield>
  </datafield>
  <datafield tag="942" ind1=" " ind2=" ">
    <subfield code="c">RSH</subfield>
    <subfield code="2">lcc</subfield>
  </datafield>
  <datafield tag="998" ind1=" " ind2=" ">
    <subfield code="b">BENJALUCK</subfield>
    <subfield code="j">109</subfield>
    <subfield code="k"> &#xE2D;&#xE32;&#xE23;&#xE35;&#xE23;&#xE31;&#xE15;&#xE19;&#xE4C; &#xE27;&#xE34;&#xE0A;&#xE32;&#xE0A;&#xE48;&#xE32;&#xE07;</subfield>
  </datafield>
  <datafield tag="999" ind1=" " ind2=" ">
    <subfield code="c">30935</subfield>
    <subfield code="d">30935</subfield>
  </datafield>
  <datafield tag="952" ind1=" " ind2=" ">
    <subfield code="0">0</subfield>
    <subfield code="1">0</subfield>
    <subfield code="4">0</subfield>
    <subfield code="7">0</subfield>
    <subfield code="8">CRSH</subfield>
    <subfield code="a">NALT</subfield>
    <subfield code="b">NALT</subfield>
    <subfield code="l">0</subfield>
    <subfield code="o">&#xE27; KU151 &#xE01;136&#xE17; 2544</subfield>
    <subfield code="p">3961143880</subfield>
    <subfield code="r">2024-11-08 00:00:00</subfield>
    <subfield code="w">2017-06-09</subfield>
    <subfield code="y">RSH</subfield>
  </datafield>
</record>
